000 01855cam a22005294i 4500
003 PE-LiUPU
005 20250731173021.0
008 150623s r 000 0 d
020 _a0941037401
035 _a(Sirsi) i9780941037402
040 _aPE-LiUPU
_bspa
_cPE-LiUPU
_erda
049 _aPRUA
082 0 4 _a296.3872
_bS77
_221
100 1 _aHargrove, Katharine T., ed.,
_eautor.
245 1 0 _aSeeds of reconciliation :
_bessays on Jewish-Christian understanding /
_ceditado por Katharine T. Hargrove.
264 1 _aNorth Richland Hills, TX :
_bBIBAL Press,
_c1996.
300 _a242 páginas ;
_c22 centímetros
336 _atext
_2rdacontent
337 _aunmediated
_2rdamedia
338 _avolume
_2rdacarrier
504 _aIncluye bibliografía, glosario.
505 0 _aSeeding. -Nourishing. -Winnowing. -Uprooting. -Harvesting.
526 _aSEG42
526 _aSEG41
526 _aSEG40
526 _aSEG39
526 _aP94
526 _aP87
526 _aP86
526 _aP85
526 _aP77
526 _aP76
526 _aP35
650 0 4 _aCristianismo y Antisemitismo.
650 0 4 _aCristianismo y otras religiones
_xJudaísmo.
_91491
650 0 4 _aHolocausto (Teología cristiana).
650 0 4 _aHolocausto (Teología judía).
650 0 4 _aJudaísmo (Teología cristiana).
650 0 4 _aJudaísmo
_xRelaciones
_vCristianismo.
650 0 4 _aJudios
_xElección, Doctrina de.
942 _2ddc
_cBOOK
949 _a296.3872 S77
_wDEWEY
_c1
_i47441
_lCCODEBUL1
_mBUL
_r0
_sY
_tBOOK
_u2015-6-24
_xTEOLOGIA
_PP35
_0COMPRA
_o.STAFF. Colección General
994 _aC0
_bPEPRU
596 _a1
999 _a296.3872 S77
_wDEWEY
_c23999
_i47441
_f2021-11-11
_g5
_lCCODEBUL1
_mBUL
_r0
_sY
_tBOOK
_u2015-6-24
_xTEOLOGIA
_PP35
_0COMPRA
_o.STAFF. Colección General
_d23999
980 _81
_gALBERTO SANCHEZ Responsable de Automatización